|
|
|
|
| LEADER |
00000nam0a2200000 4500 |
| 001 |
313747 |
| 005 |
20231102002617.0 |
| 010 |
|
|
|a 9785972901050
|
| 035 |
|
|
|a (RuTPU)RU\TPU\book\339133
|
| 090 |
|
|
|a 313747
|
| 100 |
|
|
|a 20160202d2016 km y0rusy50 ca
|
| 101 |
0 |
|
|a rus
|
| 102 |
|
|
|a RU
|
| 105 |
|
|
|a a z 000zy
|
| 200 |
1 |
|
|a Практическое руководство инженера по охране труда
|f В. М. Жариков
|
| 210 |
|
|
|a Москва
|c Инфра-Инженерия
|d 2016
|
| 215 |
|
|
|a 282 с.
|c ил.
|
| 330 |
|
|
|a Настоящее руководство написано на основе личного опыта автора, профессионально занимавшегося камеральной экспертизой несчастных случаев и профзаболеваний, их расследованием, проведением специальной оценки условий труда, периодических медицинских осмотров, вопросами финансового обеспечения предупредительных мер по снижению уровня производственного травматизма и профессиональных заболеваний.Приведены формы и примеры оформления документов, формирования материалов для сдачи их в ФСС, Государственную инспекцию труда, прокуратуру и органы местного самоуправления.Даны рекомендации по проведению периодических медицинских осмотров, специальной оценки труда и разработке мероприятий по улучшению условий труда на предприятии, по участию службы охраны труда в проведении СОУТ.Подробно рассмотрена подготовка, сдача документов на приказ и исполнение приказа по финансированию предупредительных мер по снижению производственного травматизма и профессиональных заболеваний.
|
| 606 |
1 |
|
|a Охрана труда
|x Экономика
|2 stltpush
|3 (RuTPU)RU\TPU\subj\36585
|9 57914
|
| 610 |
1 |
|
|a несчастные случаи
|
| 610 |
1 |
|
|a профзаболевания
|
| 610 |
1 |
|
|a учет
|
| 610 |
1 |
|
|a расследование
|
| 610 |
1 |
|
|a медицинские осмотры
|
| 610 |
1 |
|
|a проведение
|
| 610 |
1 |
|
|a условия труда
|
| 610 |
1 |
|
|a социальная оценка
|
| 610 |
1 |
|
|a производственный травматизм
|
| 610 |
1 |
|
|a снижение
|
| 610 |
1 |
|
|a вредные условия
|
| 610 |
1 |
|
|a практические руководства
|
| 686 |
|
|
|a У9(2)248
|v LBC/SL-A
|2 rubbk
|
| 700 |
|
1 |
|a Жариков
|b В. М.
|g Владимир
|
| 801 |
|
1 |
|a RU
|b 63413507
|c 20160202
|
| 801 |
|
2 |
|a RU
|b 63413507
|c 20160425
|g RCR
|
| 900 |
|
|
|a Охрана труда
|
| 942 |
|
|
|c BK
|
| 959 |
|
|
|a 1/20160113
|d 1
|e 480,00
|f ЧЗТЛ:1
|